<?xml version="1.0" encoding="UTF-8"?>
<record
    xmlns:xsi="http://www.w3.org/2001/XMLSchema-instance"
    xsi:schemaLocation="http://www.loc.gov/MARC21/slim http://www.loc.gov/standards/marcxml/schema/MARC21slim.xsd"
    xmlns="http://www.loc.gov/MARC21/slim">

  <leader>01855nam a2200157   4500</leader>
  <controlfield tag="001">14072</controlfield>
  <controlfield tag="005">20260417114007.0</controlfield>
  <datafield tag="010" ind1=" " ind2=" ">
    <subfield code="a">9782807104587</subfield>
  </datafield>
  <datafield tag="090" ind1=" " ind2=" ">
    <subfield code="a">14072</subfield>
  </datafield>
  <datafield tag="099" ind1=" " ind2=" ">
    <subfield code="o">0</subfield>
  </datafield>
  <datafield tag="100" ind1=" " ind2=" ">
    <subfield code="a">20260417d        u||y0frey50      ba</subfield>
  </datafield>
  <datafield tag="200" ind1=" " ind2=" ">
    <subfield code="a">Sur le Qui vive (3 textes &#xE0; lire et &#xE0; jouer)</subfield>
    <subfield code="b">LIVR</subfield>
  </datafield>
  <datafield tag="214" ind1=" " ind2=" ">
    <subfield code="c">Lansman editeur</subfield>
  </datafield>
  <datafield tag="323" ind1=" " ind2=" ">
    <subfield code="a">ind&#xE9;fini</subfield>
  </datafield>
  <datafield tag="330" ind1=" " ind2=" ">
    <subfield code="a"> Laurent Contamin / Lise Martin - Gardiens des arbres - Ils sont une quinzaine &#xE0; se retrouver au skatepark durant les longues journ&#xE9;es d'&#xE9;t&#xE9;. Mais voil&#xE0; que la petite ville (o&#xF9; &#xE0; vrai dire ils s'ennuient) se retrouve encercl&#xE9;e par des nuages de fum&#xE9;e : la for&#xEA;t s'embrase. Que faire pour arr&#xEA;ter ces feux ? Que faire pour combattre les catastrophes annonc&#xE9;es et craintes ? Que faudrait-il inventer pour que les adultes r&#xE9;agissent enfin ? 


Dominique Paquet / Luc Tartar - Les enfants lune - Dans un &#xE9;tablissement scolaire, les classes de 6&#x1D49; (en particulier la 6&#x1D49;2) sont en &#xE9;bullition. Le coll&#xE8;ge doit accueillir des &#xE9;l&#xE8;ves venant de l'Est afin de les scolariser. La r&#xE9;volte gronde. Qui sont ces jeunes migrants qui envahissent l'&#xE9;cole ? Faut-il les accepter ? Ne vont-ils pas perturber l'harmonie de la classe ? Entre solidarit&#xE9; et rejets, les &#xE9;l&#xE8;ves d&#xE9;cident de r&#xE9;unir la R&#xE9;publique de classe. 


Bruno Allain / Natacha de Pontcharra - Caho Girl - Face &#xE0; la l&#xE9;thargie de ses camarades plong&#xE9;s dans leurs portables, Sacha la rebelle tente de les faire bouger. En vain. D&#xE9;&#xE7;ue, elle les abandonne un soir pour rejoindre leur ancien terrain de jeu. Par bravade, elle se prend &#xE0; monter une vache fa&#xE7;on rod&#xE9;o, mais elle finit par chuter et se retrouve dans le coma. Ce choc va-t-il &#xE9;branler ses camarades et les inciter &#xE0; prendre enfin leur vie en main ?</subfield>
  </datafield>
  <datafield tag="700" ind1=" " ind2=" ">
    <subfield code="a"> Laurent Contamin / Lise Martin / Dominique Paquet / Luc Tartar / Bruno Allain / Natacha de Pontcharra</subfield>
  </datafield>
  <datafield tag="995" ind1=" " ind2=" ">
    <subfield code="2">0</subfield>
    <subfield code="5">2026-04-17</subfield>
    <subfield code="9">13963</subfield>
    <subfield code="c">JOL</subfield>
    <subfield code="f">JOL-007772</subfield>
    <subfield code="k">TH COLL X</subfield>
    <subfield code="o">0</subfield>
    <subfield code="b">JOL</subfield>
    <subfield code="r">LIVR</subfield>
  </datafield>
</record>
